Iran (Registro nro. 91440)

Detalles MARC
000 -ENCABEZADO
Número de control [NR] 00638nam a22001817a 4500
008 - DE LONGITUD FIJA DE DATOS DE ELEMENTOS - INFORMACIÓN GENERAL
Elementos de longitud fija [NR] 130821s2001 fr gr fre
020 ## - NUMERO INTERNACIONAL NORMALIZADO PARA LIBROS [R]
Número Internacional Normalizado del libro [NR] 2724608593
040 ## - FUENTE DE CATALOGACION [NR]
Agencia de catalogación original [NR] Co-BoUCM
Idioma de catalogación [NR] spa
041 00 - CODIGO DE IDIOMA [R]
Código de idioma para texto/pista de sonido o título separado [R] Francés
100 1# - ASIENTO PRINCIPAL--NOMBRE PERSONAL [NR]
Nombre personal [NR] Djalili, Mohammad Reza
ID Autoridad 51478
245 10 - MENCION DE TITULO [NR]
Título [NR] Iran
Parte restante del título [NR] l'illusion réformiste
Mención de responsabilidad, etc. [NR] Mohammad-Reza Djalili.
260 ## - PUBLICACION, DISTRIBUCION, ETC. (PIE DE IMPRENTA) [R]
Lugar de publicación, distribución, etc. [R] París (Francia)
Nombre del editor, distribuidor, etc. [R] Presses de la Fondation nationale des sciences politiques
Fecha de publicación, distribución, etc. [R] c2001
300 ## - DESCRIPCION FISICA [R]
Extensión [R] 125 páginas
490 #3 - MENCION DE SERIE [R]
Mención de serie [R] La Bibliothèque du citoyen
ISBN [NR] 1272-0496
651 #0 - ASIENTO SECUNDARIO DE MATERIA - NOMBRE GEOGRAFICO [R]
Nombre geográfico [NR] Irán
Subdivisión general [R] Política y gobierno
Subdivisión cronológica [R] 1997-
9 (RLIN) 27017
942 ## - ELEMENTOS DE ENTRADA AGREGADOS (KOHA)
Tipo de ítem principal el descrito en 300a Libro
Tema principal Ciencia política
Edición 1
Parte restante de la signatura top. D623
Sistema de clasificación DEWEY
Clasificación 955.05
Existencias
Fecha de último préstamo Total préstamos Signatura topográfica Código de barras Última vez visto Ejemplar Price effective from Tipo de ítem Perdido Sistema de clasificación Dañado No prestable Tipo de ítem específico Suprimido Ubicación habitual Ubicación actual Localización Fecha de creación Forma de adquisición Costo
19/04/2010 11 955.05 D623 100070081 10/12/2025 Ej.1 03/02/2013 Libro   DEWEY     Libro   Claustro Claustro 2do piso 28/02/2004 Compra 112875.00